000 00352nam a22001457a 4500
005 20240705140611.0
008 240705b |||||||| |||| 00| 0 eng d
020 _a978-81-7505-224-6
041 _aeng
100 _aVIVEKANAND , SWAMI
_98436
245 _aPERSONALITY DEVELOPMENT
260 _aKOLKATA
_bADVATTA ASHRAMA
300 _a128;p
942 _cBK
999 _c8539
_d8537